La patience du concept : essai sur le discours hégélien /

Guardado en:
書目詳細資料
主要作者: Lebrun, Gerard (autor)
格式: 圖書
語言:法语
出版: París, Francia Gallimard, 1972, c1972
標簽: 添加標簽
沒有標簽, 成為第一個標記此記錄!

MARC

LEADER 00000nam^a2200000^a^4500
001 000570602
005 20250521000000.0
009 20260310132231.559
020 |a 2-07-028109-4 
037 |a Acervo Xavier Clavigero 
041 |a FRA 
091 |a FPA. 02959 
100 |a Lebrun, Gerard  |e (autor) 
245 1 3 |a La patience du concept :  |b essai sur le discours hégélien / 
264 4 |a París, Francia  |b Gallimard,  |c 1972, c1972 
300 |a 421 p. 
336 |a texto  |b txt  |2 rdacontenido 
337 |a sin mediación  |b n  |2 rdamedio 
338 |a volumen  |b nc  |2 rdasoporte 
649 |a XX 
910 |a Fondo José Ignacio Palencia Gómez S.J. 
920 |a Impresos - Libros 
930 |a Fondos Especiales 
905 |a 137 
901 |a 0500361584  |b IT2  |c ESL  |i D  |u 20250521 
902 |a https://opac.biblio.iteso.mx/vufind/Record/000570602